000 00883nam a22003377a 4500
003 OSt
008 150424b xxu||||| |||| 00| 0 eng d
100 1 _aSchmidt-Andersen, J. (Johannes)
041 _aeng
245 1 0 _aThe postage stamps of Denmark, 1851-1951
260 _aCopenhagen
_bRoyal Danish Post Office
300 _a293 pages
650 0 _aDenmark
650 0 _a1851-1951
650 0 _aPostal History
650 0 _aDefinitive Issues
650 0 _aClassic Issues
650 0 _aFirst Issues
650 0 _aCommemorative Issues
650 0 _aProduction
650 0 _aEssays and Proofs
650 0 _aErrors and Varieties
650 0 _aPlates and Plating
650 0 _aPrinting
650 0 _aBlocks
650 0 _aDesigns
650 0 _aReissues and Reprints
650 0 _a19th Century
650 0 _a20th Century
700 1 _aKing-Farlow, Roland, trans.
999 _c1333
_d1333